000 00961nam a2200241Ia 4500
003 Ost
005 20260507075654.0
008 260507s9999||||xx |||||||||||||| ||und||
040 _cfsecg
041 _aara
082 _a658.3145
100 _aمحمد اسماعيل، بلال
_eمؤلف
245 0 _aالسلوك التنظيمى بين النظرية والتطبيق /
_c بلال محمد اسماعيل
260 _aالاسكندرية:
_bدار الجامعة الجديدة,
_c2005
300 _a400 صفحة؛
_bإيضاحات ؛
_c24 سم
504 _aالمراجع ص.385
520 _aمفاهيم اساسية، ظغوط العمل، دافع العمل، الادراك، القيم، اعداد وتنمية القيادات، الاتصال
653 _aالاتصال
653 _aالتنظيم الإداري
653 _aالسلوك الإداري
653 _aالعلاقات الإنسانية
942 _cكتاب
999 _c45671
_d45671